000 00503 a2200133 4500
020 _a9698296069 (unknown binding)
020 _a9789698296063 (unknown binding)
090 _c5479
_d5479
245 0 0 _aAsia's premier icqc' 97 :
_bproceedings, pakistan's third international convention on quality control.
260 _a[S.l.] :
_bIbrahim Publishers,
_c1997.
300 _a361 p.
856 4 0 _3Amazon.com
_uhttp://www.amazon.com/exec/obidos/ASIN/9698296069/chopaconline-20
942 _aNBS
_cBK
_k658.4013 ICQ
999 _c347886
_d347886